Znižovanie skrytých nákladov v stavebných podnikoch bakalárska práca

Gespeichert in:
Bibliographische Detailangaben
1. Verfasser: Babka, Gabriel
Körperschaft: Podnikovohospodárska fakulta EU so sídlom v Košiciach. Katedra kvantitatívnych metód
Weitere Verfasser: Tkáč, Michal, 1958-
Format: Buch
Sprache:Slowakisch
Veröffentlicht: Košice 2016
Tags: Tag hinzufügen
Keine Tags, Fügen Sie das erste Tag hinzu!

MARC

LEADER 00000nbm a2200000 4500
001 0217784
005 20161216134831.1
041 0 |a slo 
044 |a SK 
245 1 0 |a Znižovanie skrytých nákladov v stavebných podnikoch  |b bakalárska práca  |c Gabriel Babka ; školiteľ: Michal Tkáč 
264 1 |a Košice  |c 2016 
300 |a 40 s. 
100 1 |a Babka, Gabriel 
700 1 |a Tkáč, Michal, 1958- 
710 2 |a Podnikovohospodárska fakulta EU so sídlom v Košiciach. Katedra kvantitatívnych metód